Dark Souls A-Z - Statistics

General Stats
  • This quiz has been taken 117 times
  • The average score is 15 of 26
Answer Stats
A-Z Question Answer % Correct
A Home of Anri, Andre, and Oscar Astora
88%
U You go from _____ Asylum to _____ Burg to _____ Parish Undead
85%
Q Spider lady boss, pyromancer Quelaag
81%
H Wears some of the strongest armor in all 3 games Havel
79%
Y A giant Lord of Cinder, Siegward's old friend Yhorm
78%
D A species related to Dragons and Wyverns Drake
75%
M Spell type of lightning and healing spells Miracle
74%
P The Furtive _____, so easily forgotten Pygmy
74%
I The process by which you go into other players' worlds and fight them Invasion
73%
Z Sword found in all 3 games Zweihander
71%
C Usually harmless, drops treasure, but don't let it get away! Crystal Lizard
70%
N Child of Manus, Wife of Vendrick, Queen of Drangleic Nashandra
66%
K Weapon class most often associated with Dexterity Katana
64%
V Goddess of Sin Velka
61%
L Upgrade material a tier below 'Titanite Chunk' Large Titanite Shard
59%
O Invisible son of a certain dragon boss Ocelotte
53%
T Area leading into Majula Things Betwixt
50%
E Land ruled over by the Ivory King Eleum Loyce
45%
G Black Knight Halberd, also known as Black Knight ______ Glaive
44%
X Armor set with a massive cloth head Xanthous
43%
R They guard their city wearing black abyssal armor, sealed by fire Ringed Knight
41%
W A covenant, the ________ of Farron Watchdogs
40%
J You can access the memories of Orro, Vamar, and _____ Jeigh
36%
S The ________ Ring mitigates fall damage Silvercat
36%
B Fake replica of the Moonlight Greatsword Bluemoon
34%
F Spell that helps you walk on lava Flash Sweat
26%
No matching quizzes found
Score Distribution
Percent of People with Each Score
Percentile by Number Answered
Your Score History
You have not taken this quiz